00489nam a2200181Ia 450000500170000000800410001702000140005804000190007204100120009108200130010324500550011626000370017130000300020850400190023865000180025770000220027585000100029720240803104239.0131103s9999 xx 000 0 und d a751308099 aLoreto College aEnglish a909bMER aMillennium year by yearc[edited by] Derrik Mercer aLondonbDorling Kindersleyc1999 a894 p.b ill. (some col.) aIncludes index aWorld History aMercer,Derrik,ed. aLCLIB